« Retourner aux résultats de recherche
J'apprends le cirque
| Auteur principal: | Vincent Etienne |
|---|---|
| D'autres auteurs: | Eva Roussel |
| Support: | Livres |
| Langue: | Francais |
| Genre: |
Documentaire jeunesse |
| Sujets: | |
| Étiquettes: |
Ajouter
Pas de Tags !
|
| LEADER | 00907nam0a2200193 450 | ||
|---|---|---|---|
| 001 | 16840950 | ||
| 010 | |a 978-2-408-01842-9 |b cart. |d 8,5 | ||
| 100 | |a 20200605d2020 u u0frey01 ba | ||
| 101 | 0 | |a fre | |
| 102 | |a FR | ||
| 200 | 0 | |a J'apprends le cirque |f textes de Vincent Etienne |g illustrations d'Eva Roussel | |
| 207 | 1 | |a | |
| 215 | |a [35] p. |c illustrations en couleur |d 24 cm | ||
| 330 | |a Un documentaire qui présente les bases du cirque, de l'inscription à l'école jusqu'aux plus grandes figures de l'art circassien en passant par les règles, le matériel, l'entraînement et les techniques (roulade, boule d'équilibre, trapèze, jonglage). Electre 2020 | ||
| 700 | 0 | |a Etienne |b Vincent |4 70 | |
| 702 | 0 | |a Roussel |b Eva |4 440 | |
| 900 | |a Documentaire jeunesse | ||
| 901 | |a Accessible au prêt | ||
| 995 | |a Bibliothèque |c Bibliothèque |f 00156012054011 |h 00156012054011 |k E 791.3 ETI |o p |q j |r az |e Bibliothèque | ||
